| 000 | 01663cam a22003251i 4500 | ||
|---|---|---|---|
| 003 | SA-RiAUC | ||
| 005 | 20250604093615.0 | ||
| 008 | 250603s1987 su g 000r0 ara c | ||
| 040 |
_aSA-JeALM _bara _cSA-RiAUC _erda |
||
| 043 | _aa-su--- | ||
| 082 | 0 | 4 |
_a370.9531 _qSA-RiAUC |
| 090 |
_a370.9531 _bا ب ن د |
||
| 100 | 1 |
_aابن دهيش، عبد اللطيف بن عبد الله، _d1943- _eمؤلف. |
|
| 245 | 1 | 2 |
_aالتعليم الحكومي المنظم في عهد الملك عبد العزيز : _bنشأته وتطوره / _cعبد اللطيف بن عبد الله بن دهيش. |
| 250 | _aالطبعة الأولى. | ||
| 264 | 1 |
_aمكة المكرمة : _bمكتبة الطالب الجامعي، _bعبداللطيف بن عبدالله بن دهيش. _c1987 |
|
| 300 |
_a159 صفحة ؛ _c24 سم |
||
| 300 |
_a158 صفحة : _bإيضاحيات ؛ _c24 سم |
||
| 336 |
_aنص _btxt _2rdacontent _3كتاب |
||
| 337 |
_aبدون وسيط _bn _2rdamedia |
||
| 338 |
_aمجلد _bnc _2rdacarrier |
||
| 500 | _aيشتمل على ملاحق. | ||
| 500 | _aاهداء من المؤلف عبداللطيف بن دهيش الى الشيخ رحمه الله بتاريخ 14 / 2 / 1408 هـ | ||
| 504 | _aببليوجرافية : صفحة 141-147. | ||
| 504 | _aيشتمل على إرجاعات ببليوجرافية. | ||
| 650 | 7 |
_aالتعليم _zالسعودية _xتاريخ _yعبد العزيز بن عبد الرحمن، 1319-1373 هجري. _2aucsh |
|
| 651 | 7 |
_aالسعودية _xتاريخ _yعبد العزيز بن عبد الرحمن، 1319-1373 هجري _2aucsh |
|
| 942 |
_2ddc _cBOOK _n0 |
||
| 949 |
_aSA-JeALM _d250603 _uosman123 _n1 |
||
| 999 |
_c8725 _d8725 |
||